banner-ar

كتاب عيون الآنباء فى طبقات الآطباء / (Record no. 65589)

MARC details
000 -الفاتح
حقل البيانات ثابتة الطول 00822nam a2200205Ia 4500
005 - وقت وتاريخ اخر تعامل مع التسجيلة
رقم الضبط 20240530110832.0
008 - عناصر البيانات ثابتة الطول - معلومات عامة
حقل البيانات ثابتة الطول 140319s1956 le 000 0 ara d
040 ## - مصدر الفهرسة
وكالة الفهرسة الأصلية GCL /
وكالة النسخ GCL
082 04 - رقم تصنيف ديوى العشرى
رقم التصنيف 926.1/
رقم المادة أ ك
100 1# - المدخل الرئيسى - إسم شخصى
الإسم الشخصى احمد ابن ابى اصيبعة، احمد بن القاسم بن خليفة
245 10 - بيان العنوان
العنوان كتاب عيون الآنباء فى طبقات الآطباء /
بيان المسئوليه,etc تاليف موفق الدين ابى العباس احمد بن القاسم بن خليفة بن يونس السعدى الخزرجى
250 ## - بيان الطبعة
بيان الطبعة ط.1
260 ## - PUBLICATION, DISTRIBUTION, ETC. (IMPRINT)
تاريخ النشر أو التوزيع 1956.
300 ## - الوصف المادى
التعداد 158ص. ؛
أبعاد الوعاء 24 سم.
650 07 - المدخل الاضافى بالموضوع-مصطلح موضوعى
مصدر الرأس أو المصطلح qrmak
مصطلح موضوعي العلوم عند العرب
650 07 - المدخل الاضافى بالموضوع-مصطلح موضوعى
مصدر الرأس أو المصطلح qrmak
مصطلح موضوعي الطب عند العرب
650 07 - المدخل الاضافى بالموضوع-مصطلح موضوعى
مصدر الرأس أو المصطلح qrmak
مصطلح موضوعي الاطباء
التقسيم الفرعي الشكلي تراجم
942 ## - عناصر المدخل الإضافي( كوها)
مصدر التصنيف او مخطط الترفيف Dewey Decimal Classification
Koha [default] item type كتاب
260 ## - PUBLICATION, DISTRIBUTION, ETC. (IMPRINT)
-- بيروت :
-- دار الفكر،
Holdings
حالة التراجع حالة الفقد مصدر التصنيف او خطة الترفيف حالة تلف ليس للاعارة المكان المؤقت الموقع الحالى موقع الترفيف تاريخ الاكتساب اجمالي اﻻعارات رقم الطلب الباركود تاريخ اخر مشاهدة تاريخ تفعيل السعر نوع وعاء كوها
    ddc     مكتبة القاهرة الكبرى مكتبة القاهرة الكبرى القاعة الرئيسية 09/26/2019   926.1/ أ ك 166506 09/26/2019 09/26/2019 كتاب

Powered By

EGPV